Oversight hearing on amendments to title I of ESEA and GEPA : (Record no. 596555)

MARC details
000 -LEADER
fixed length control field 01193namaa2200265 a 4500
001 - CONTROL NUMBER
control field vtls001304610
003 - CONTROL NUMBER IDENTIFIER
control field NLI
005 - DATE AND TIME OF LATEST TRANSACTION
control field 20210627043924.0
008 - FIXED-LENGTH DATA ELEMENTS--GENERAL INFORMATION
fixed length control field 120418s1979 dcu i000 0 eng
039 #9 - LEVEL OF BIBLIOGRAPHIC CONTROL AND CODING DETAIL [OBSOLETE]
-- 201204181934
-- VLOAD
040 0# - CATALOGING SOURCE
Original cataloging agency NLI
Transcribing agency VTLS-2012_FOD
Description conventions AACR2
041 0# - LANGUAGE CODE
Language code of text/sound track or separate title eng
044 ## - COUNTRY OF PUBLISHING/PRODUCING ENTITY CODE
MARC country code dcu
082 04 - DEWEY DECIMAL CLASSIFICATION NUMBER
Classification number 379.12120973
110 1# - MAIN ENTRY--CORPORATE NAME
Corporate name or jurisdiction name as entry element United States.
Subordinate unit Congress.
Number of part/section/meeting (96th, 1st sess.)
Subordinate unit House.
-- Committee on Education and Labor.
-- Subcommittee on Elementary, Secondary, and Vocational Education
9 (RLIN) 725999
245 10 - TITLE STATEMENT
Title Oversight hearing on amendments to title I of ESEA and GEPA :
Remainder of title hearing before the Subcommittee on Elementary, Secondary, and Vocational Education of the Committee on Education and Labor, House of Representatives, Ninety-sixth Congress, first session, hearing held in Washington, D.C., on July 10, 1979
260 ## - PUBLICATION, DISTRIBUTION, ETC.
Place of publication, distribution, etc. Washington, D.C. :
Name of publisher, distributor, etc. United States Government Printing Office,
Date of publication, distribution, etc. 1979
300 ## - PHYSICAL DESCRIPTION
Extent iii, 48 p. ;
Dimensions 24 cm.
650 #0 - SUBJECT ADDED ENTRY--TOPICAL TERM
Topical term or geographic name entry element Federal aid to education
Geographic subdivision United States
9 (RLIN) 708911
887 ## - NON-MARC INFORMATION FIELD
Content of non-MARC field
901 ## - LOCAL DATA ELEMENT A, LDA (RLIN)
a AD 79074
b 07.08.2010
902 ## - LOCAL DATA ELEMENT B, LDB (RLIN)
a U.S 379.12120973 Us 3
949 ## - LOCAL PROCESSING INFORMATION (OCLC)
-- VIRTUAITEM
-- 10000
-- 100
6 ADX000079074ENG
942 ## - ADDED ENTRY ELEMENTS (KOHA)
Source of classification or shelving scheme Dewey Decimal Classification
Koha item type Books
Holdings
Withdrawn status Lost status Damaged status Not for loan Collection code Home library Current library Shelving location Date acquired Total Checkouts Full call number Barcode Date last seen Price effective from Koha item type
          National Library of India National Library of India       U.S 379.12120973 Us 3 ADX000079074ENG 27/06/2021 27/06/2021 Books
                                                                           
web counter

Copyright ©2020 The National Library of India, Govt. of India ↔ Hosted by NVLI, MOC ↔ Technology and Design by National Library of India, Ministry of Culture, Govt. of India